| 000 | 00420pab a2200181 454500 | ||
|---|---|---|---|
| 008 | 180718b2012 xxu||||| |||| 00| 0 eng d | ||
| 100 | _aAnjaria, Jonathan Shapiro | ||
| 245 | _aIs there a culture of the Indian street? | ||
| 260 | _c2012 | ||
| 300 | _ap.21-27. | ||
| 362 | _aAug | ||
| 650 | _aStreets - India | ||
| 650 | _aRoads - India | ||
| 650 | _aRoads | ||
| 773 | _aSeminar | ||
| 908 | _aN | ||
| 909 | _a97255 | ||
| 999 |
_c97255 _d97255 |
||